LEC Winter Split 2026 - Statistiques

Statistiques générales
  • Ce quiz a été pris 82 fois
    66 depuis la dernière actualisation
  • Le résultat moyen est 52 sur 60
Statistiques - réponses
Role Player Nationalité % Correct
Top BrokenBlade Allemand
98%
Support Busio Américain / Polonais
98%
ADC Caliste Français
98%
Top Canna Sud Coréen
98%
Jungle Yike Suédois
98%
Mid Caps Danois
96%
ADC Hans Sama Français
96%
Support Labrov Grec
96%
Mid Nuc Français
96%
Jungle SkewMond Français
96%
Support Alvaro Espagnol
93%
ADC Ice Sud Coréen
93%
Jungle Isma Français / Belge
93%
Support Mikyx Slovène
93%
ADC Upset Allemand
93%
Mid Vladi Grec
93%
Top Wunder Danois
93%
Support Jun Sud Coréen
91%
Top Maynter Ukrainien
91%
Top Naak Nako Turc
91%
Jungle Razork Espagnol
91%
Jungle Sheo Français
91%
ADC Supa Espagnol
91%
Jungle Boukada Français
89%
Jungle Elyoya Espagnol
89%
Mid Humanoid Tchèque
89%
Mid Jojopyun Canadien
89%
Mid Kamiloo Français
89%
Mid Kyeahoo Sud Coréen
89%
Mid Lider Norvegien
89%
Top Myrwn Espagnol
89%
Support Rekkles Suédois
89%
Top Empyros Grec
87%
Mid Jackies Tchèque
87%
Support Lospa Sud Coréen
87%
Top Lot Turc
87%
Mid Nemesis Slovène
87%
ADC Noah Sud Coréen
87%
Jungle Skeanz Français
87%
ADC Crownie Slovène
84%
Jungle Lyncas Lituanien
84%
Mid Poby Sud Coréen
84%
Support Prime Français
84%
Top Rooster Sud Coréen
84%
Support Stend Français
84%
Top Tao Italien / Chinois
84%
Jungle Yukino Américain
84%
ADC Carzzy Tchèque
82%
Support Fleshy Turc
82%
ADC Hans SamD Sud Coréen
82%
ADC Jopa Croate
82%
Support Parus Turc
82%
Jungle Velja Serbe
80%
ADC Hazel Roumain
78%
Jungle Rhilech Turc
78%
ADC Paduck Sud Coréen
73%
Mid Serin Turc
73%
Support Trymbi Polonais
73%
Top Tracyn Polonais
62%
Top Thebausffs Suédois
60%
Aucun quiz correspondant
Distribution des résultats
% des personnes avec chaque résultat
Percentile par nombre de réponses
Votre historique - résultats
Vous n’avez pas pris ce quiz depuis la dernière actualisation